000 00839cai a22001815a 4500
001 E151576
008 101122u xxk g 000 0 eng d
035 _a(Sirsi) u151576
041 0 _aeng
110 2 _aWorldLII
_95897
245 0 0 _aWorld legal information institute
_h[electronic resource]
520 _aOffers a single search facility for databases located on the following Legal Information Institutes: AustLII; BAILII; CanLII; HKLII; LII (Cornell); and PacLII. Also includes databases not found on other LIIs, including databases of decisions of international Courts and Tribunals, databases from various Asian countries, and databases from South Africa.
590 _aKA
651 4 _aInternational
690 _aPROPERTY
856 4 0 _uhttps://www.worldlii.org/
_zView the website free of charge at www.worldlii.org
942 _n0
999 _c120884
_d120884